[Event "SV Eichlinghofen 1 - SV Bottrop 1"]
[Site "Verbandsliga, Gruppe 1 2017/2"]
[Date "2017.09.17"]
[Round "1.2"]
[White "Schuette, Tobias"]
[Black "Gierse, Heinz-Dieter"]
[Result "1-0"]
[WhiteElo "2016"]
[BlackElo "1945"]
[PlyCount "69"]
[EventDate "2017.??.??"]

1. f4 d5 2. Nf3 Nf6 3. g3 g6 4. Bg2 Bg7 5. O-O O-O 6. c3 b6 7. d3 Bb7 8. Nh4 c5
9. Qc2 Qc7 10. Na3 Nc6 11. e4 dxe4 12. dxe4 e5 13. Nb5 Qe7 14. f5 a6 15. Na3 b5
16. h3 Rad8 17. Be3 Nh5 18. Qf2 Rfe8 19. Bxc5 Qf6 20. Nc2 Rd3 21. Ne3 Nd8 22.
Rad1 Rxd1 23. Rxd1 g5 24. Rd6 Qe7 25. Nd5 Bxd5 26. Rxd5 Qb7 27. Qd2 Bf6 28. Nf3
Nxg3 29. Nxe5 Be7 30. Kh2 Nh5 31. Rd7 Qb8 32. Rxe7 Rxe7 33. Qxg5+ Ng7 34. Qxe7
Nc6 35. Bd6 1-0

[Event "SV Eichlinghofen 1 - SV Bottrop 1"]
[Site "Verbandsliga, Gruppe 1 2017/2"]
[Date "2017.09.17"]
[Round "1.3"]
[White "Franck, Rudolf"]
[Black "Kropp, Andreas"]
[Result "0-1"]
[WhiteElo "1968"]
[BlackElo "1931"]
[Annotator "Daniel"]
[PlyCount "90"]
[EventDate "2017.??.??"]

1. d4 Nf6 2. c4 g6 3. Nc3 Bg7 4. e4 O-O 5. f4 c5 6. d5 e6 7. e5 Ne8 8. Be3 d6
9. exd6 Qxd6 10. Nf3 exd5 11. Qxd5 Qxd5 12. Nxd5 Na6 13. O-O-O Be6 14. h3 Nf6
15. Nc3 Rfe8 16. Ne5 Nh5 17. Ne4 f6 18. g4 Nxf4 19. Bxf4 fxe5 20. Bg5 h6 21.
Nf6+ Bxf6 22. Bxf6 Nb4 23. a3 Nc6 24. Bg2 Rac8 25. b3 Nd4 26. Kb2 Bf7 27. Rhe1
b5 28. Bxe5 bxc4 29. bxc4 Bxc4 30. Kc3 Be2 31. Bd5+ Kh7 32. Rxd4 cxd4+ 33. Kxd4
Ba6 34. Rb1 Rc2 35. Bb7 Rd2+ 36. Kc3 Rd3+ 37. Kc2 Rxe5 38. Bxa6 Rd7 39. Rb3
Rc7+ 40. Kb2 Kg7 41. Rf3 Rce7 42. h4 Re4 43. Rg3 Re3 44. Rg2 Rh3 45. h5 Ree3 {
Rest unleserlich!} 0-1

[Event "SV Eichlinghofen 1 - SV Bottrop 1"]
[Site "Verbandsliga, Gruppe 1 2017/2"]
[Date "2017.09.17"]
[Round "1.4"]
[White "Dreier, Daniel"]
[Black "Jaeger, Heinz"]
[Result "1/2-1/2"]
[WhiteElo "1958"]
[BlackElo "1951"]
[PlyCount "83"]
[EventDate "2017.??.??"]

1. e4 g6 2. f4 Bg7 3. Nf3 d6 4. Nc3 e6 5. d4 Ne7 6. Be3 d5 7. e5 b6 8. Bd3 Ba6
9. Qe2 Bxd3 10. Qxd3 Nd7 11. g4 h5 12. f5 hxg4 13. fxe6 gxf3 14. exd7+ Qxd7 15.
O-O-O Nf5 16. Bf4 Rh4 17. Bg3 Rxd4 18. Qxf3 c6 19. Rhe1 Rxd1+ 20. Rxd1 O-O-O
21. Bf4 Qe6 22. Qe2 Kb7 23. Kb1 Rh8 24. Re1 Rh5 25. a3 Bf8 26. Na2 Rh4 27. Qf3
Nd4 28. Qf2 Nf5 29. Nb4 Bc5 30. Qf1 Bxb4 31. axb4 Rh8 32. Rd1 Re8 33. Rd3 Ra8
34. Rh3 Rd8 35. Ra3 Ra8 36. Rh3 a5 37. b5 cxb5 38. Qxb5 Rc8 39. Qd3 Qc6 40. Rh7
Qe6 41. h4 Rc4 42. Bg5 1/2-1/2

[Event "SV Eichlinghofen 1 - SV Bottrop 1"]
[Site "Verbandsliga, Gruppe 1 2017/2"]
[Date "2017.09.17"]
[Round "1.5"]
[White "Tochtrop, Lothar"]
[Black "Wloka, Sebastian"]
[Result "1-0"]
[WhiteElo "1843"]
[BlackElo "1891"]
[PlyCount "77"]
[EventDate "2017.??.??"]

1. e4 c5 2. Nf3 Nc6 3. Bc4 e6 4. Nc3 Nf6 5. d4 cxd4 6. Nxd4 e5 7. Nf5 d6 8. Ne3
Be6 9. O-O Be7 10. Ned5 Rc8 11. Nxf6+ Bxf6 12. Bxe6 fxe6 13. Qh5+ g6 14. Qg4
Qe7 15. Nd5 Qf7 16. Nxf6+ Qxf6 17. Bg5 Qf7 18. Rad1 h5 19. Qh3 O-O 20. Rxd6 Nd4
21. c3 Qc7 22. Rxd4 exd4 23. Qxe6+ Kh7 24. cxd4 Rfe8 25. Qd5 Qc4 26. Qd7+ Kg8
27. e5 Rf8 28. b3 Rf7 29. Qd6 Qc7 30. Qxg6+ Rg7 31. Qe6+ Kh7 32. Qf5+ Kg8 33.
Bf6 Rh7 34. d5 Qc2 35. Qg5+ Kf8 36. d6 Qd3 37. Be7+ Kf7 38. Qf6+ Kg8 39. Qe6+
1-0

[Event "SV Eichlinghofen 1 - SV Bottrop 1"]
[Site "Verbandsliga, Gruppe 1 2017/2"]
[Date "2017.09.17"]
[Round "1.6"]
[White "Brockmann, Michael"]
[Black "Braun, Uwe"]
[Result "1-0"]
[WhiteElo "1961"]
[BlackElo "1724"]
[PlyCount "51"]
[EventDate "2017.??.??"]

1. d4 Nf6 2. c4 e6 3. Nf3 d5 4. Bg5 Be7 5. e3 O-O 6. Nc3 h6 7. Bh4 c6 8. a3
Nbd7 9. Qc2 Re8 10. Rd1 Nh5 11. Bxe7 Qxe7 12. cxd5 exd5 13. Bd3 Nf4 14. Bh7+
Kh8 15. O-O Ne6 16. Bd3 Ng5 17. Nd2 Nf6 18. Rfe1 Bg4 19. f3 Bh5 20. b4 Rad8 21.
Rb1 Rd6 22. a4 Qd7 23. Nf1 Bxf3 24. h4 Bxg2 25. hxg5 Bxf1 26. Bf5 1-0

[Event "SV Eichlinghofen 1 - SV Bottrop 1"]
[Site "Verbandsliga, Gruppe 1 2017/2"]
[Date "2017.09.17"]
[Round "1.7"]
[White "Spoden, Kurt"]
[Black "Dekhtyaryuk, Dimitri"]
[Result "0-1"]
[WhiteElo "1779"]
[BlackElo "1858"]
[PlyCount "90"]
[EventDate "2017.??.??"]

1. Nf3 c5 2. b3 d5 3. e3 Nf6 4. Bb2 g6 5. c4 dxc4 6. Bxc4 Bg7 7. Nc3 O-O 8. d4
cxd4 9. Nxd4 Nbd7 10. Qd2 Ne5 11. Be2 a6 12. O-O b5 13. Rfd1 Bb7 14. Qe1 Qb6
15. a4 b4 16. a5 Qc5 17. Nb1 Qd5 18. f3 Qc5 19. Rc1 Qd6 20. Ra4 Bh6 21. f4 Qd5
22. Qf1 Neg4 23. Rxb4 Nxe3 24. Bf3 Qxa5 25. Ra4 Qxa4 26. bxa4 Nxf1 27. Bxb7 Ra7
28. Bf3 Ne3 29. Nc6 Rb7 30. Ba3 Re8 31. Nd4 Ra7 32. Bc6 Rd8 33. Bc5 Rc7 34. g3
Rf8 35. Bb6 Rcc8 36. Re1 Ned5 37. a5 Nb4 38. Bb7 Rc4 39. Nd2 Rc3 40. N2b3 Rb8
41. Nc5 Rxc5 42. Bxc5 Rxb7 43. Rb1 Nfd5 44. Nc2 Rc7 45. Bxb4 Rxc2 0-1

[Event "SV Eichlinghofen 1 - SV Bottrop 1"]
[Site "Verbandsliga, Gruppe 1 2017/2"]
[Date "2017.09.17"]
[Round "1.8"]
[White "Gitschel, Ralf"]
[Black "Gruber, Herbert"]
[Result "0-1"]
[WhiteElo "1855"]
[BlackElo "1736"]
[PlyCount "54"]
[EventDate "2017.??.??"]

1. e4 c6 2. d4 d5 3. exd5 cxd5 4. c4 Nf6 5. Nc3 e6 6. Nf3 Nc6 7. a3 a6 8. c5
Ne4 9. Qc2 f5 10. Bf4 Be7 11. Na4 O-O 12. Nb6 Nxd4 13. Nxd4 Bxc5 14. Nxa8 Bxd4
15. Bc7 Qf6 16. O-O-O Nxf2 17. Bb6 Nxd1 18. Kxd1 Bd7 19. Qd3 Bxb2 20. Nc7 Ba4+
21. Ke1 Rc8 22. Nxd5 Qe5+ 23. Ne3 f4 24. g3 Bc3+ 25. Kf2 fxe3+ 26. Bxe3 Rf8+
27. Kg1 Bb5 0-1

[Event "SV Bönen 1 - SV Kamen 2"]
[Site "Verbandsliga, Gruppe 1 2017/2"]
[Date "2017.09.17"]
[Round "1.1"]
[White "Rumpf, Thomas"]
[Black "Schlottmann, Fabian"]
[Result "0-1"]
[WhiteElo "2006"]
[BlackElo "2282"]
[PlyCount "68"]
[EventDate "2017.??.??"]

1. e4 e6 2. d4 d5 3. exd5 exd5 4. Nf3 Bd6 5. Bd3 Nf6 6. Qe2+ Be6 7. Ng5 Qe7 8.
Nxe6 fxe6 9. O-O Nc6 10. c3 e5 11. dxe5 Qxe5 12. Qxe5+ Nxe5 13. Bc2 O-O 14. h3
Rae8 15. Nd2 c6 16. Nb3 Rf7 17. Nd4 Bc5 18. Nf5 Ne4 19. Be3 Bxe3 20. Nxe3 Nd6
21. b3 Nb5 22. c4 dxc4 23. bxc4 Nd4 24. Ba4 Nd3 25. Ng4 h5 26. Ne3 Ne2+ 27. Kh2
Nxf2 28. Nc2 Re4 29. g3 h4 30. gxh4 Rxh4 31. Rae1 Rxh3+ 32. Kg2 Rg3+ 33. Kh2
Ng4+ 34. Kh1 Rh3+ 0-1

[Event "SV Bönen 1 - SV Kamen 2"]
[Site "Verbandsliga, Gruppe 1 2017/2"]
[Date "2017.09.17"]
[Round "1.2"]
[White "Fuest, Torsten"]
[Black "Koch, Marcel"]
[Result "0-1"]
[WhiteElo "1888"]
[BlackElo "1900"]
[PlyCount "124"]
[EventDate "2017.??.??"]

1. d4 d5 2. Bf4 Nf6 3. e3 Bf5 4. Nf3 e6 5. c3 Bd6 6. Bg3 Ne4 7. Qb3 Nd7 8. Nbd2
Nxg3 9. hxg3 Qb8 10. c4 c6 11. Bd3 Bxd3 12. Qxd3 Nf6 13. O-O Qc7 14. e4 dxe4
15. Nxe4 Be7 16. Rfe1 Rd8 17. Qe3 O-O 18. a3 Qb6 19. Re2 Rd7 20. Rae1 Rfd8 21.
Qf4 Nxe4 22. Qxe4 Bf6 23. d5 cxd5 24. cxd5 Rxd5 25. Qc2 h6 26. Qc1 Qd6 27. Qe3
b6 28. Qb3 Rd1 29. Kh2 Qd5 30. Qb4 Rxe1 31. Rxe1 Qc5 32. Qxc5 bxc5 33. Re2 Rb8
34. Ne5 Bxe5 35. Rxe5 Rxb2 36. Rxc5 Rxf2 37. Ra5 Ra2 38. Rxa7 e5 39. Re7 f6 40.
Ra7 h5 41. a4 Kh7 42. a5 Kh6 43. a6 g6 44. Ra8 Kg5 45. a7 Ra1 46. g4 h4 47. g3
Ra2+ 48. Kh3 hxg3 49. Kxg3 Ra3+ 50. Kf2 Kxg4 51. Rg8 Rxa7 52. Rxg6+ Kf5 53. Rg1
Kf4 54. Ke2 Ra2+ 55. Kd3 e4+ 56. Kd4 Rd2+ 57. Kc3 Rd3+ 58. Kc2 f5 59. Ra1 Ke3
60. Re1+ Kf2 61. Ra1 f4 62. Ra4 Ke3 0-1

[Event "SV Bönen 1 - SV Kamen 2"]
[Site "Verbandsliga, Gruppe 1 2017/2"]
[Date "2017.09.17"]
[Round "1.3"]
[White "Neumann, Carsten"]
[Black "Merz, Martin"]
[Result "0-1"]
[WhiteElo "2013"]
[BlackElo "1979"]
[PlyCount "60"]
[EventDate "2017.??.??"]

1. Nf3 Nf6 2. d4 d5 3. Bg5 e6 4. e3 Be7 5. Bd3 O-O 6. Nbd2 Nbd7 7. Ne5 Nxe5 8.
dxe5 Nd7 9. Bf4 Nc5 10. Nf3 b6 11. h4 h6 12. g4 Bb7 13. g5 h5 14. g6 Nxd3+ 15.
Qxd3 d4 16. Rh3 dxe3 17. fxe3 Qxd3 18. cxd3 Bxf3 19. Rxf3 Bxh4+ 20. Ke2 fxg6
21. Rg1 Kh7 22. Rh3 g5 23. Rh2 Rf5 24. d4 c5 25. dxc5 bxc5 26. Rc1 Rb8 27. b3
Rb4 28. Rc4 Rxc4 29. bxc4 gxf4 30. Rxh4 fxe3 0-1

[Event "SV Bönen 1 - SV Kamen 2"]
[Site "Verbandsliga, Gruppe 1 2017/2"]
[Date "2017.09.17"]
[Round "1.4"]
[White "Schötz, Hans-Joachim"]
[Black "Schulze-Bergcamen, Stefan"]
[Result "0-1"]
[WhiteElo "1914"]
[BlackElo "1942"]
[Annotator "Medger,Gernot"]
[PlyCount "100"]
[EventDate "2017.??.??"]

1. e4 b6 2. d4 Bb7 3. f3 e6 4. Be3 Ne7 5. Bd3 d6 6. Nc3 Nd7 7. Qd2 c6 8. Nge2
h6 9. a3 Ng6 10. g3 e5 11. d5 c5 12. h4 h5 13. O-O-O a6 14. f4 exf4 15. gxf4
Qc7 16. Ng3 O-O-O 17. Be2 Nf6 18. Nf5 Kb8 19. Bf2 Bc8 20. Rhg1 Nxe4 21. Nxe4
Bxf5 22. Ng3 Bg4 23. Bxg4 hxg4 24. f5 Nxh4 25. Qe2 Nf3 26. Rg2 Qc8 27. Qd3 Be7
28. Be3 Ne5 29. Qb3 Qb7 30. Ne4 Rh3 31. Nf2 Rf3 32. Nxg4 Nxg4 33. Rxg4 Bf6 34.
Rf4 Rg3 35. Re4 Rh8 36. Qd3 Ka7 37. Qe2 Qd7 38. Bf4 Rgh3 39. Re1 Rh1 40. Qg4
Rxe1+ 41. Rxe1 Qb5 42. c3 Qc4 43. Qf3 Rd8 44. Re4 $11 Qb5 45. Qe3 Qd7 46. Qd3
Kb7 47. Re2 Rh8 48. Qg3 Qxf5 49. Bxd6 Rh1+ 50. Re1 Bg5+ 0-1

[Event "SV Bönen 1 - SV Kamen 2"]
[Site "Verbandsliga, Gruppe 1 2017/2"]
[Date "2017.09.17"]
[Round "1.5"]
[White "Krabbe, Christian"]
[Black "Helmert, Jochen"]
[Result "0-1"]
[WhiteElo "1966"]
[BlackElo "1875"]
[PlyCount "82"]
[EventDate "2017.??.??"]

1. Nf3 d5 2. g3 Bg4 3. Bg2 Nd7 4. d3 Ngf6 5. Nbd2 c6 6. e4 e5 7. h3 Bxf3 8.
Bxf3 Bc5 9. c3 Bb6 10. Qc2 O-O 11. O-O dxe4 12. dxe4 a5 13. Nc4 Bc5 14. a4 Qe7
15. Kg2 b6 16. Be2 Rfe8 17. Re1 Nf8 18. Ne3 g6 19. h4 Qe6 20. f3 Kg7 21. Rh1
Qc8 22. Nc4 Qc7 23. b3 Rad8 24. Ra2 Ne6 25. Rb2 Nh5 26. Qb1 Re7 27. Ne3 Red7
28. Ng4 f6 29. Bc4 Nf8 30. Re2 Qd6 31. Rf1 Ne6 32. Bb2 Qe7 33. Bc1 Kh8 34. f4
exf4 35. gxf4 Neg7 36. Nh6 Qf8 37. e5 Nf5 38. Nxf5 gxf5 39. Rf3 Qg7+ 40. Kh2
Qg1+ 41. Kh3 Qh1+ 0-1

[Event "SV Bönen 1 - SV Kamen 2"]
[Site "Verbandsliga, Gruppe 1 2017/2"]
[Date "2017.09.17"]
[Round "1.6"]
[White "Schütz, Ralf"]
[Black "Bals, Jochen"]
[Result "1/2-1/2"]
[WhiteElo "1813"]
[BlackElo "1855"]
[PlyCount "26"]
[EventDate "2017.??.??"]

1. d4 Nf6 2. Nf3 e6 3. c4 b6 4. a3 Bb7 5. Nc3 d5 6. cxd5 Nxd5 7. e3 Be7 8. Bb5+
c6 9. Bd3 O-O 10. Ne2 Nd7 11. O-O c5 12. Bd2 cxd4 13. exd4 N7f6 1/2-1/2

[Event "SV Bönen 1 - SV Kamen 2"]
[Site "Verbandsliga, Gruppe 1 2017/2"]
[Date "2017.09.17"]
[Round "1.7"]
[White "Markert, Dirk"]
[Black "Medger, Gernot"]
[Result "0-1"]
[WhiteElo "1886"]
[BlackElo "1805"]
[Annotator "Medger,Gernot"]
[PlyCount "128"]
[EventDate "2017.??.??"]

1. e4 d6 2. d4 Nf6 3. Nc3 e5 4. Nge2 Be7 5. f3 c6 6. Be3 O-O 7. Qd2 b5 8. Ng3
Re8 9. Be2 a6 10. O-O Bd7 11. a3 c5 12. d5 Bf8 13. b3 h6 14. a4 b4 15. Nd1 a5
16. Nb2 Kh7 17. Nc4 Bc8 18. Rae1 Ra7 19. Bf2 g6 $11 20. h4 Be7 21. Be3 Ng8 22.
h5 Bh4 23. hxg6+ fxg6 24. Bf2 Bg5 25. Qd1 Rf7 26. Bd3 Ref8 27. Ne2 Ba6 28. Nb2
Bc8 29. Bb5 Nf6 30. Qd3 Nh5 31. c3 Nf4 32. Nxf4 Bxf4 33. Re2 Qg5 34. Nc4 Qh5
35. Rb1 Bh2+ 36. Kf1 Bh3 37. gxh3 Rxf3 38. Ne3 Bg3 39. Rbb2 Qxh3+ 40. Ke1 Bxf2+
41. Kd2 Bxe3+ 42. Rxe3 Qg2+ 43. Kd1 Rf1+ 44. Qxf1 Rxf1+ 45. Bxf1 Qxb2 46. cxb4
cxb4 47. Bb5 h5 48. Ke1 g5 49. Rf3 Qc1+ 50. Kf2 Qd2+ 51. Kg1 h4 52. Rf7+ Kg8
53. Rb7 h3 54. Rxb8+ Kg7 55. Bf1 g4 56. Rb7+ Kh6 57. Rb8 Qe3+ 58. Kh1 Kg5 59.
Rf8 Kh4 60. Rf6 Kg3 61. Bxh3 Qxe4+ 62. Kg1 Kxh3 63. Rf2 Qe1+ 64. Rf1 Qxf1+ 0-1

[Event "SK Sodingen/Castrop 2 - SV Erkenschwick"]
[Site "Grupp"]
[Date "2017.09.17"]
[Round "1.1"]
[White "Trzaska, Peter"]
[Black "Ribbeheger, Edgar"]
[Result "0-1"]
[WhiteElo "2044"]
[BlackElo "2015"]
[PlyCount "72"]
[EventDate "2017.??.??"]

1. Nf3 Nf6 2. c4 e6 3. g3 d5 4. Bg2 dxc4 5. Qa4+ Bd7 6. Qxc4 c5 7. Ne5 Qc8 8.
O-O Nc6 9. Nxd7 Qxd7 10. b3 Nd4 11. Bb2 b5 12. Qd3 Rc8 13. a4 b4 14. Rc1 Be7
15. Kf1 e5 16. Bxd4 cxd4 17. Rxc8+ Qxc8 18. Qb5+ Nd7 19. Bh3 O-O 20. Qc4 Qb7
21. Bg2 Qb8 22. Qb5 Qc7 23. Qc6 Rc8 24. Qxc7 Rxc7 25. Be4 Rc1+ 26. Kg2 Nc5 27.
Bd5 g6 28. d3 Kg7 29. Bc4 f5 30. a5 e4 31. a6 Bd8 32. e3 dxe3 33. dxe4 Rc2 34.
Kf1 exf2 35. exf5 gxf5 36. Be2 Bb6 0-1

[Event "SK Sodingen/Castrop 2 - SV Erkenschwick"]
[Site "Grupp"]
[Date "2017.09.17"]
[Round "1.3"]
[White "Broszeit, Peter"]
[Black "Schriewer, Thomas"]
[Result "1-0"]
[WhiteElo "1867"]
[BlackElo "1916"]
[PlyCount "101"]
[EventDate "2017.??.??"]

1. e4 c5 2. Nf3 Nc6 3. d4 cxd4 4. Nxd4 Nf6 5. Nc3 e5 6. Ndb5 d6 7. Bg5 a6 8.
Na3 b5 9. Nd5 Be7 10. Bxf6 Bxf6 11. c3 Bg5 12. Nc2 Rb8 13. Nce3 Bxe3 14. Nxe3
Ne7 15. Bd3 Be6 16. O-O O-O 17. Bc2 b4 18. c4 Nc6 19. b3 Nd4 20. Kh1 g6 21. Rc1
f5 22. Bd3 f4 23. Nc2 Nc6 24. Be2 Qd7 25. Ne1 Qe7 $11 26. Nd3 Kh8 27. Bg4 Bg8
28. Qd2 Rfd8 29. Rfd1 h5 30. Bh3 a5 31. Qb2 Nd4 32. Nxf4 Qf6 33. g3 Bh7 34. Nd5
Qf7 35. f4 Re8 36. Rf1 Qg7 37. Rcd1 Nc6 38. Qe2 exf4 39. gxf4 Nd4 40. Qd3 Nc6
41. Bg2 Rbd8 42. Qg3 Rf8 43. Qf2 Bg8 44. Qb6 Qd7 45. Qc7 Qe8 46. Rfe1 Rf7 47.
Qb6 Rb8 48. Qe3 a4 49. e5 dxe5 50. fxe5 axb3 51. axb3 1-0

[Event "SK Sodingen/Castrop 2 - SV Erkenschwick"]
[Site "Grupp"]
[Date "2017.09.17"]
[Round "1.4"]
[White "Evertz, Dieter"]
[Black "Jungbluth, Rolf"]
[Result "1/2-1/2"]
[WhiteElo "1929"]
[BlackElo "1869"]
[PlyCount "99"]
[EventDate "2017.??.??"]

1. e4 d5 2. exd5 Nf6 3. d4 Nxd5 4. c4 Nb6 5. Nc3 g6 6. Be3 Bg7 7. Qd2 O-O 8. h4
Nc6 9. O-O-O e5 10. d5 Ne7 11. h5 Nf5 12. hxg6 hxg6 13. Bc5 Nd6 14. b3 a5 15.
a4 Nd7 16. Ba3 b6 17. f3 f5 18. Bd3 Re8 19. Bc2 Qf6 20. Bb2 Nc5 21. Re1 Bd7 22.
g3 Na6 23. Nd1 Qf8 24. Nh3 Nb4 25. Ng5 Nf7 26. Nh7 Qd6 27. Ng5 Nxc2 28. Kxc2
Nxg5 29. Qxg5 b5 30. axb5 a4 31. Qe3 f4 32. Qc3 Bf5+ 33. Kc1 fxg3 34. Ne3 Qd7
35. bxa4 Rxa4 36. Qb3 Rea8 37. Kd2 Qe7 38. Ra1 Rxa1 39. Rxa1 Rxa1 40. Bxa1 Qc5
(40... Qg5 $1 41. Qd1 g2 42. Qg1 Bh6) 41. Ke2 Bh3 (41... Kf7 42. Bc3 Bh6 43.
Bxe5 Bxe3 44. Qxe3 Qxc4+ 45. Ke1 g2) 42. Bb2 Kh7 43. Qa3 Qb6 44. Qe7 Bf1+ 45.
Kd2 Qa5+ 46. Kd1 Qa2 47. Qh4+ Kg8 48. Qxg3 Qb3+ 49. Ke1 Qxb2 50. Kxf1 1/2-1/2

[Event "SK Sodingen/Castrop 2 - SV Erkenschwick"]
[Site "Grupp"]
[Date "2017.09.17"]
[Round "1.5"]
[White "Schawacht, Max"]
[Black "Hessel, Malte"]
[Result "1/2-1/2"]
[WhiteElo "1859"]
[BlackElo "1873"]
[PlyCount "48"]
[EventDate "2017.??.??"]

1. e4 c6 2. Nf3 d5 3. exd5 cxd5 4. Ne5 Nf6 5. d4 g6 6. Bb5+ Nbd7 7. Qf3 Bg7 8.
Nc3 O-O 9. Bf4 Nb6 10. O-O-O Be6 11. Kb1 a6 12. Bd3 Rc8 13. Bd2 Nc4 (13... Rxc3
14. Bxc3 Na4 15. Be2 Qb6 16. b3 Ne4 17. Bb2 Nxb2) 14. Bxc4 dxc4 15. Qxb7 Qd6
16. Bc1 Rc7 (16... Bd5 17. Nxd5 Nxd5) 17. Qf3 Rb8 18. d5 Bf5 19. Nc6 Rb6 20.
Na4 Rb5 21. Nc3 (21. Bf4 Bg4 22. Bxd6) 21... Bg4 22. Nxb5 axb5 23. Qe3 Bxd1 24.
Rxd1 e6 1/2-1/2

[Event "SK Sodingen/Castrop 2 - SV Erkenschwick"]
[Site "Grupp"]
[Date "2017.09.17"]
[Round "1.6"]
[White "Kock, Wolfgang"]
[Black "Broksch, Dirk"]
[Result "1-0"]
[WhiteElo "1959"]
[BlackElo "1851"]
[PlyCount "243"]
[EventDate "2017.??.??"]

1. c4 Nf6 2. g3 g6 3. Bg2 Bg7 4. Nc3 O-O 5. d3 d6 6. e3 c5 7. Nge2 Nc6 8. O-O
Bd7 9. a3 Qc8 10. Nf4 e5 11. Nfd5 Nxd5 12. Nxd5 Re8 13. Re1 Ne7 14. Nc3 Bc6 15.
e4 Qd7 16. Bg5 f6 17. Be3 b6 18. b4 Bb7 19. b5 Rf8 20. Qd2 a5 21. Rf1 Rab8 {R}
22. h4 Qc7 23. Ne2 Bc8 24. f3 Be6 25. Rf2 Qd7 26. Kh2 h5 27. Rd1 Kh7 28. Ng1
Ng8 29. Bh3 Bxh3 30. Nxh3 Bh6 31. Rg1 Bxe3 32. Qxe3 Nh6 33. Rfg2 Rg8 34. g4
hxg4 35. fxg4 Nf7 36. Qf3 Kg7 37. Rf1 Qe6 38. Rgf2 Nh6 39. Rg1 Rh8 40. g5 Ng8
41. gxf6+ Qxf6 42. Qxf6+ Nxf6 43. Rfg2 Rh6 44. Kg3 Rbh8 45. Kf3 Rf8 46. Ke2 Nh5
47. Rg4 Nf4+ (47... Rf7 {Rf6} 48. Rg5 {Kf7}) 48. Nxf4 Rxf4 49. Rxf4 exf4 50.
Rg4 Kf6 51. Rxf4+ Ke5 52. Rg4 Kd4 53. Kd2 Ke5 54. Ke3 Rh8 55. Rxg6 Rxh4 56.
Rg5+ Ke6 57. Rg8 Rh3+ 58. Kd2 Rh2+ 59. Kc3 Ra2 60. Rb8 Rxa3+ 61. Kc2 Ra2+ 62.
Kb3 Rd2 63. Kc3 Ra2 64. Rxb6 Kd7 65. Ra6 a4 66. Ra7+ Kc8 67. Ra6 Kd7 68. b6
Ra3+ 69. Kc2 Rb3 70. Rxa4 Rxb6 71. Kd2 Ke6 72. Ra8 Rb2+ 73. Ke3 Rh2 74. Rf8 Rh1
75. Rf5 Rh3+ 76. Kd2 Rh2+ 77. Kc3 Rh3 78. Rg5 Rf3 79. Rd5 Re3 80. Kd2 Rh3 81.
e5 dxe5 82. Rxc5 Rh2+ 83. Ke1 Kd6 84. Rd5+ Ke6 85. Rd8 Ke7 86. Ra8 Kd6 87. Kd1
Rg2 88. Ra5 Rh2 89. Kc1 Re2 90. Rb5 Rh2 91. Rb2 Rh5 92. Kd2 Rh3 93. Rb8 Kc7 94.
Re8 Kd6 95. Kc3 Re3 96. Kd2 Rh3 97. Ke2 Rg3 98. Rd8+ Ke7 99. Rh8 Kd7 100. Rf8
Ke6 101. Rf3 Rg2+ 102. Ke3 Ra2 103. Rh3 Ra1 104. Rh6+ Kf5 105. Kd2 Ra2+ 106.
Kc3 Ra3+ 107. Kc2 Ra2+ (107... e4 108. d4) 108. Kb3 Rd2 109. Kc3 Ra2 110. c5
Ra3+ 111. Kc4 Ra4+ 112. Kb5 Ra3 113. Rd6 e4 114. dxe4+ Kxe4 115. c6 Ke5 116.
Rd1 Rb3+ 117. Ka6 Ra3+ 118. Kb7 Rb3+ 119. Kc8 Rc3 120. c7 Rh3 121. Rb1 Kd6 122.
Kb8 1-0

[Event "SK Sodingen/Castrop 2 - SV Erkenschwick"]
[Site "Grupp"]
[Date "2017.09.17"]
[Round "1.8"]
[White "Balke, Reiner"]
[Black "Stötzel, Martin"]
[Result "1-0"]
[WhiteElo "1837"]
[BlackElo "1751"]
[PlyCount "63"]
[EventDate "2017.??.??"]

1. e4 c5 2. Nf3 e6 3. d4 cxd4 4. Nxd4 Nf6 5. Bd3 Nc6 6. Nxc6 bxc6 7. O-O Be7 8.
c4 d5 9. e5 Nd7 10. Qe2 Bb7 11. Nd2 Qc7 12. f4 Qb6+ 13. Kh1 g6 14. Rb1 O-O 15.
b4 Qc7 16. Nf3 a5 17. a3 axb4 18. axb4 Rfb8 19. c5 Qc8 20. Bd2 Ba6 21. Nd4 Bxd3
22. Qxd3 Rb7 23. Ra1 Rba7 24. Qc3 Nb8 25. h3 Qb7 26. Rfb1 Qc8 27. Kh2 Kg7 28.
Rxa7 Rxa7 29. b5 cxb5 30. Nxb5 Ra6 31. Nd6 Qc7 32. Ne8+ 1-0

[Event "SC Doppelbauer Brambauer 1 - SV Hamm 1"]
[Site "Verbandsliga, Gruppe 2 2017/2"]
[Date "2017.09.17"]
[Round "1.1"]
[White "Spyrou, Emmanouil"]
[Black "Remmler, Volker"]
[Result "1/2-1/2"]
[WhiteElo "2194"]
[BlackElo "2049"]
[PlyCount "96"]
[EventDate "2017.??.??"]

1. d4 Nf6 2. c4 g6 3. Nc3 Bg7 4. e4 O-O 5. f4 d6 6. Nf3 e5 7. dxe5 dxe5 8. Qxd8
Rxd8 9. Nxe5 Na6 10. Be3 Be6 11. a3 Ne8 12. c5 c6 13. Be2 Bxe5 14. fxe5 Nac7
15. Bg5 Rd7 16. Rd1 Kf8 17. Kf2 Rxd1 18. Rxd1 Ng7 19. Rd8+ Rxd8 20. Bxd8 Nge8
21. b4 Bd7 22. Bc4 Ne6 23. Bf6 Nd4 24. Nb1 Nc7 25. Ke3 Nde6 26. Nd2 Ke8 27. Be2
b5 28. cxb6 axb6 29. Nc4 b5 30. Nd6+ Kf8 31. g3 h5 32. Kd3 Na8 33. Kc3 Nb6 34.
Bd1 Bc8 35. Bb3 Bd7 36. h4 Bc8 37. Bd1 Bd7 38. g4 hxg4 39. Bxg4 Na4+ 40. Kd2
Nb6 41. Bd1 Be8 42. Kc3 Bd7 43. Bb3 Bc8 44. Bd1 Bd7 45. Bg4 Na4+ 46. Kd2 Nb6
47. Ke3 Na4 48. Kd2 Nb6 1/2-1/2

[Event "SC Doppelbauer Brambauer 1 - SV Hamm 1"]
[Site "Verbandsliga, Gruppe 2 2017/2"]
[Date "2017.09.17"]
[Round "1.2"]
[White "Schulz, Hartmut"]
[Black "Voss, Hubertus"]
[Result "1/2-1/2"]
[WhiteElo "2042"]
[BlackElo "2089"]
[PlyCount "42"]
[EventDate "2017.??.??"]

1. d4 d5 2. Nf3 Nf6 3. Bf4 c5 4. e3 Nc6 5. c3 e6 6. Nbd2 Bd6 7. Bg3 cxd4 8.
exd4 O-O 9. Bd3 b6 10. O-O Bxg3 11. hxg3 Ng4 12. Re1 Bb7 13. Qe2 Rc8 14. Rad1
g6 15. Ne5 Ngxe5 16. dxe5 Qg5 17. Nf1 Rcd8 18. f4 Qe7 19. Nh2 h5 20. Nf3 Qc5+
21. Kh2 Kg7 1/2-1/2

[Event "SC Doppelbauer Brambauer 1 - SV Hamm 1"]
[Site "Verbandsliga, Gruppe 2 2017/2"]
[Date "2017.09.17"]
[Round "1.3"]
[White "Schlaap, Ralf"]
[Black "Koth, Stefan"]
[Result "0-1"]
[WhiteElo "2072"]
[BlackElo "2046"]
[Annotator "Daniel"]
[PlyCount "88"]
[EventDate "2017.??.??"]

1. c4 c5 2. Nf3 Nc6 3. Nc3 e6 4. e3 Nf6 5. d4 cxd4 6. exd4 d5 7. Bg5 Be7 8. Be2
O-O 9. O-O b6 10. Rc1 Bb7 11. Re1 Rc8 12. cxd5 Nxd5 13. Bxe7 Ncxe7 14. Ne5 Nf5
15. Qd2 Nxc3 16. bxc3 Nh4 17. f3 Rc7 18. Qf4 Ng6 19. Nxg6 $11 hxg6 20. Red1 Qe7
21. Rd2 Rfc8 22. Rdc2 Qa3 23. Qd2 Ba6 24. Kf2 Bxe2 25. Kxe2 Rc4 26. Qd3 b5 27.
Kd2 Qd6 28. g3 a6 29. Rb1 e5 30. dxe5 Qxe5 31. Rb3 Qe7 32. Kc1 Rd8 33. Qf1 Qe3+
34. Kb2 Rd3 35. f4 Re4 36. Qh3 Re6 37. Qg2 Rd1 38. Qf2 Qe4 39. Rb4 Qh1 40. Rd4
Rb1+ 41. Ka3 a5 42. Qg2 Qe1 43. Rd8+ Re8 44. Qa8 Qe7+ 0-1

[Event "SC Doppelbauer Brambauer 1 - SV Hamm 1"]
[Site "Verbandsliga, Gruppe 2 2017/2"]
[Date "2017.09.17"]
[Round "1.4"]
[White "Bauch-Lojewski, Ralf"]
[Black "Dukic, Dalibor"]
[Result "0-1"]
[WhiteElo "1957"]
[BlackElo "2040"]
[PlyCount "44"]
[EventDate "2017.??.??"]

1. d4 Nf6 2. c4 d6 3. Nc3 Nbd7 4. Nf3 e5 5. g3 g6 6. Bg2 Bg7 7. O-O O-O 8. e3
Re8 9. b3 c6 10. Bb2 exd4 11. Nxd4 Ne5 12. Qd2 d5 13. cxd5 cxd5 14. f4 Nc6 15.
Nxc6 bxc6 16. Na4 Bf5 17. Rac1 Rc8 18. Bd4 Re7 19. Qb2 Ne8 20. Rc5 Rxe3 21.
Bxg7 Nxg7 22. Qc1 Qe8 0-1

[Event "SC Doppelbauer Brambauer 1 - SV Hamm 1"]
[Site "Verbandsliga, Gruppe 2 2017/2"]
[Date "2017.09.17"]
[Round "1.5"]
[White "Sievert, Jan-Thorwald"]
[Black "Zimmermann, Dirk"]
[Result "1/2-1/2"]
[WhiteElo "1985"]
[BlackElo "1938"]
[PlyCount "89"]
[EventDate "2017.??.??"]

1. d4 Nf6 2. c4 e6 3. Nf3 Bb4+ 4. Nbd2 O-O 5. a3 Bxd2+ 6. Qxd2 b6 7. g3 Bb7 8.
Bg2 d5 9. cxd5 Bxd5 10. O-O Nbd7 11. b4 Qc8 12. Bb2 Qb7 13. Rfc1 Rfc8 14. Ne1
Bxg2 15. Nxg2 a5 16. Nf4 axb4 17. axb4 Rxa1 18. Rxa1 Ra8 19. Rc1 b5 20. Qc2 Ra7
21. Qc6 Qxc6 22. Rxc6 h6 23. Bc1 Kf8 24. Nd3 Ke7 25. Bf4 Nd5 26. e4 Nxf4 27.
Nxf4 Kd8 28. d5 e5 29. Nh5 g6 30. Nf6 Nxf6 31. Rxf6 Ra4 32. Rxf7 Rxb4 33. f3
Rc4 34. Rf8+ Kd7 35. Rb8 b4 36. Kf2 Kd6 37. Ke3 Rc3+ 38. Kd2 Rc4 39. Kd3 Rc3+
40. Kd2 Rc4 41. Kd3 Kc5 42. Rb7 Rc3+ 43. Ke2 Rc2+ 44. Ke3 Rc3+ 45. Ke2 1/2-1/2